| 000 | 01426cam a2200385 i 4500 | ||
|---|---|---|---|
| 001 | 25926 | ||
| 003 | Mx-PuUPA | ||
| 005 | 20250430095607.0 | ||
| 008 | 140415s1981 sp gr 000 0 spa d | ||
| 017 | _aM. 42.145-1981 | ||
| 020 | _a8428803250 | ||
| 040 |
_aMx-PuUPA _bspa _cMx-PuUPA _dMx-PuUPA _erda |
||
| 041 | 1 |
_aspa _hund |
|
| 100 | 1 |
_aPablo _bVI, _cPapa, _d1897-1978. _eautor |
|
| 245 | 1 | 3 |
_aLa evangelización del mundo contemporáneo : _bexhortación apostólica de Pablo VI / _cPablo VI ; traducción castellana de la Políglota Vaticana |
| 250 |
_aNovena edición / _bdiciembre |
||
| 264 | 1 |
_aMadrid, España : _bPPC Editorial, _c©1981 |
|
| 300 |
_apáginas ; _c20 cm |
||
| 336 |
_2rdacontent _atexto _btxt |
||
| 337 |
_2rdamedia _asin medio _bn |
||
| 338 |
_2rdacarrier _avolumen _bnc |
||
| 490 | 0 |
_aDocumentos de Estudios ; _v9 |
|
| 650 | 7 |
_2armarc _aObispos _x |
|
| 650 | 7 |
_2armarc _aIglesia Católica _xDocumentos doctrinales |
|
| 650 | 7 |
_2armarc _aIglesia Católica _xHistoria _xPapa, (1963-1978 : Paulo VI) |
|
| 650 | 7 |
_2armarc _aIglesia Católica _xHistoria _ySiglo XX |
|
| 650 | 7 |
_2armarc _aEvangelización |
|
| 650 | 7 |
_2armarc _913986 _aDocumentos pontificios |
|
| 650 | 7 |
_2armarc _913986 _aTeología pastoral |
|
| 650 | 7 |
_2armarc _913986 _aCristianismo |
|
| 710 | 2 |
_aPoliglota Vaticana, _etraductor |
|
| 942 |
_2ddc _cLI _h262.91 _iP52 |
||
| 999 |
_c25926 _d25926 |
||